| 000 | 01694nam a2200229Ia 4500 | ||
|---|---|---|---|
| 008 | 260220t1970||||xx |||||||||||||| ||spa|| | ||
| 040 |
_aPY-SlUNAC _bspa _erda |
||
| 041 | _aspa | ||
| 082 |
_a510 _bN213s |
||
| 245 | 0 | _aEl sistema de los enteros | |
| 264 |
_aCiudad de México : _bTrillas, _c℗1970. |
||
| 300 | _a1 volumen | ||
| 520 | _a"El sistema de los enteros" es un libro educativo publicado por Trillas en 1970, que aborda de manera integral el concepto de los números enteros y su aplicación en diversas áreas de las matemáticas. A lo largo de sus capítulos, se presentan las propiedades fundamentales de los enteros, incluyendo la adición, sustracción, multiplicación y división, así como su representación en la recta numérica. El texto está diseñado para facilitar la comprensión de los estudiantes mediante ejemplos prácticos y ejercicios que refuerzan el aprendizaje. Además, se exploran las relaciones entre los números enteros y otras operaciones matemáticas, fomentando un enfoque crítico y analítico en la resolución de problemas. La obra destaca la importancia de los enteros en el desarrollo del pensamiento lógico y matemático, siendo una herramienta invaluable para educadores y alumnos. En resumen, el libro no solo proporciona una base sólida en aritmética, sino que también promueve el interés por las matemáticas como disciplina esencial en la formación académica. | ||
| 653 | _aEducación matemática | ||
| 653 | _aMatemáticas | ||
| 653 | _aNúmeros enteros | ||
| 942 |
_b2026/02/17 _cBK |
||
| 999 |
_c7348 _d7348 |
||